Country with 3 Words - Statistics

General Stats
  • This quiz has been taken 46 times
  • The average score is 5 of 6
Answer Stats
Continent Answer % Correct
Oceania Papua New Guinea
95%
North America Antigua and Barbuda
82%
North America Trinidad and Tobago
79%
Africa Central African Republic
74%
Asia United Arab Emirates
74%
Europe Bosnia and Herzegovina
67%
No matching quizzes found
Score Distribution
Percent of People with Each Score
Percentile by Number Answered
Your Score History
You have not taken this quiz